00567nam a2200181 a 45000010010000000030011000100080041000210350026000620820012000881000015001002450043001152600062001586500028002209420012002489520090002609980020003509990015003700000-8673ELIB.Books110520 1982  a(ELIB.Books)0000-8819 aR bWor aWorld Book aThe World Book Encyclopedia ( vol - 8) bChicago: World Book Childcraft International, Inc. c1982 aWorld Book Encyclopedia 2ddccBK 00102ddc4070aKBTSbKBTSd2011-05-20l0p2078r2022-01-22 00:00:00w2022-01-22yBK cbate2011-05-20 c8673d8673